Food dehydration

Guardat en:
Dades bibliogràfiques
Autors principals: Arsdel, Wallace van (Autor), Copley, Michael J (Autor)
Format: Llibre
Idioma:anglès
Publicat: Westport Avi 1964
Col·lecció:Avi Books on Food Processing
Matèries:
Etiquetes: Afegir etiqueta
Sense etiquetes, Sigues el primer a etiquetar aquest registre!

MARC

LEADER 00000nam a2200000 a 4500
001 UCU7292
003 CL-VaPUC
008 960628e19640000US |||||||||||||||||eng|d
082 0 4 |a 664.028  |b ARS  |2 21 
100 0 |a Arsdel, Wallace van  |e author  |9 366047 
700 0 |a Copley, Michael J  |e author  |9 366048 
245 1 0 |a Food dehydration 
300 |a 2 v 
942 |c BK 
945 |d 19960628 00:00:00  |a paguirre 
260 |a Westport  |b Avi  |c 1964 
500 |a v.2: Products and Technology 
650 7 |a TECNOLOGIA DE ALIMENTOS  |2 CL-VaPUC  |9 366049 
650 0 |a Plantas  |9 264555 
650 7 |a PATATAS  |2 CL-VaPUC  |9 366050 
650 0 |a Frutas  |9 259500 
650 0 |a Carne  |9 259507 
650 0 |a Leche  |9 259848 
650 7 |a HUEVOS  |2 CL-VaPUC  |9 259518 
650 7 |a CAFE  |2 CL-VaPUC  |9 359080 
650 7 |a TE  |2 CL-VaPUC  |9 366051 
650 0 |a Cereales  |9 264300 
650 0 |a Deshidratación  |9 365480 
650 0 |a Alimentos deshidratados  |9 362668 
583 |a last modification  |c 19960628 00:00:00  |k Rodrigo Vera 
490 0 |a Avi Books on Food Processing 
999 |c 249964  |d 249962 
952 |0 0  |1 0  |4 0  |6 664_028000000000000_ARS_1964  |7 0  |8 A  |9 267564  |a BIBING  |b BIBING  |d 2019-11-19  |h v.2  |i 1699784  |o 664.028 ARS 1964  |p 1699784  |r 2025-01-20  |w 2019-11-19  |y BK  |k EIB 
952 |0 0  |1 0  |4 0  |6 664_028000000000000_ARS_1964  |7 0  |8 A  |9 267567  |a BIBALI  |b BIBALI  |c GEN  |d 2019-11-19  |h v.2  |i 1974548  |o 664.028 ARS 1964  |p 1974548  |r 2025-01-20  |w 2019-11-19  |y BK  |k ALI